| 000 | 01057nam a22002537a 4500 | ||
|---|---|---|---|
| 001 | 74682 | ||
| 003 | BD-RjUL | ||
| 005 | 20211209082604.0 | ||
| 008 | 181119s2018 bg ||||| b||| 00| 0 ben d | ||
| 020 | _a9789849340478 | ||
| 035 | _a(BD-RjUL)74900 | ||
| 040 |
_aBD-RjUL _beng _cBD-RjUL |
||
| 041 | _aeng | ||
| 082 |
_223 _a297.4092 _bSIS 2018 |
||
| 100 |
_aছিদ্দিকী, মোহাম্মদ মুহিবউল্ল্যাহ _9225036 |
||
| 245 |
_aসৈয়দ তাজউদ্দীন গদা'র পারিবারিক ইতিহাস / _cমোহাম্মদ মুহিবউল্ল্যাহ ছিদ্দিকী |
||
| 260 |
_aচট্রগ্রাম : _bগলুই প্রকাশন, _c২০১৮ |
||
| 300 |
_a১৬৬ পৃ. ; _c২১ সেমি. |
||
| 504 | _aবিবলিওগ্রাফি সম্বলিত। | ||
| 600 |
_aGada, Syed Tajuddin _9225039 |
||
| 650 |
_aSufis _9225037 _zBengal _xBiography. |
||
| 650 |
_aMysticism _9225038 _x Islam. |
||
| 942 |
_2ddc _cBK |
||
| 999 |
_c74682 _d74682 |
||